02861 2201201 4500001002100000005001500021035002000036007000300056008004100059020002200100082000800122084002000130100003700150245004600187260003300233300001700266990001600283990001600299990001600315990001600331990001600347990001600363990001600379990001600395990001600411990001600427990001600443990001600459990001600475990001600491990001600507990001600523990001600539990001600555990001600571990001600587990001600603990001600619990001600635990001600651990001600667990001600683990001600699990001600715990001600731990001600747990001600763990001600779990001600795990001600811990001600827990001600843990001600859990001600875990001600891990001600907990001600923990001600939990001600955990001600971990001600987990001601003990001601019990001601035990001601051990001601067990001601083990001601099990001601115990001601131990001601147990001601163990001601179990001601195990001601211990001601227990001601243990001601259990001601275990001601291990001601307990001601323990001601339990001601355990001601371990001601387990001601403990001601419990001601435990001601451990001601467990001601483990001601499990001601515990001601531990001601547990001601563990001601579990001601595990001601611990001601627990001601643INLIS00000000000078820210803091906 a0010-0821000002ta210803 g 0 ind  a978-623-6687-43-7 a2x1 a2x1 BUK a c. 860 aKemenag RI, Pahruroji M. Bukhori1 aAl-Qur'an Hadits Kelas XI Madrasah Aliyah aJakarta :bKemenag RI,c2020 a189 ;c25 cm a2020/h/0112 a2020/h/0113 a2020/h/0114 a2020/h/0115 a2020/h/0116 a2020/h/0117 a2020/h/0118 a2020/h/0119 a2020/h/0120 a2020/h/0121 a2020/h/0122 a2020/h/0123 a2020/h/0124 a2020/h/0125 a2020/h/0126 a2020/h/0127 a2020/h/0128 a2020/h/0129 a2020/h/0130 a2020/h/0131 a2020/h/0132 a2020/h/0133 a2020/h/0134 a2020/h/0135 a2020/h/0136 a2020/h/0137 a2020/h/0138 a2020/h/0139 a2020/h/0140 a2020/h/0141 a2020/h/0142 a2020/h/0143 a2020/h/0144 a2020/h/0145 a2020/h/0146 a2020/h/0147 a2020/h/0148 a2020/h/0149 a2020/h/0150 a2020/h/0151 a2020/h/0152 a2020/h/0153 a2020/h/0154 a2020/h/0155 a2020/h/0156 a2020/h/0157 a2020/h/0158 a2020/h/0159 a2020/h/0160 a2020/h/0161 a2020/h/0162 a2020/h/0163 a2020/h/0164 a2020/h/0165 a2020/h/0166 a2020/h/0167 a2020/h/0168 a2020/h/0169 a2020/h/0170 a2020/h/0171 a2020/h/0172 a2020/h/0173 a2020/h/0174 a2020/h/0175 a2020/h/0176 a2020/h/0177 a2020/h/0178 a2020/h/0179 a2020/h/0180 a2020/h/0181 a2020/h/0182 a2020/h/0183 a2020/h/0184 a2020/h/0185 a2020/h/0186 a2020/h/0187 a2020/h/0188 a2020/h/0189 a2020/h/0190 a2020/h/0191 a2020/h/0192 a2020/h/0193 a2020/h/0194 a2020/h/0195 a2020/h/0196 a2020/h/0197